00237nam a2200097Ia 4500008004100000100002200041245002900063260002300092942000700115999001700122190216s9999||||xx |||||||||||||| ||und|| aDr.Ramkumar Varma 0aHindi-Prethiraj Ki Ankem bGanga Pusthakmahal cBK c18191d18191